| 000 | 00690nam a2200253Ia 4500 | ||
|---|---|---|---|
| 003 | OSt | ||
| 005 | 20221005093559.0 | ||
| 006 | a|||||r|||| 00| 0 | ||
| 007 | ta | ||
| 008 | 221004b |||||||| |||| 00| 0 eng d | ||
| 020 |
_a9788131943304 (pbk) _cIndian Rupees 149 |
||
| 024 | _a35585 | ||
| 037 |
_bGift, 01/02/2018, _cTextual |
||
| 040 |
_aCRL _cCRL _beng |
||
| 041 |
_2eng _aeng |
||
| 082 | _aR635, Q7 | ||
| 100 |
_aKishanlal _9618540 |
||
| 245 | 0 |
_aYoga _b new life style |
|
| 260 |
_aNoida _bHealth Harmony India _c2017 |
||
| 300 |
_ax,206p. _ccm. |
||
| 650 | _aYOGA | ||
| 942 |
_hR635, Q7 _cTEXL _2cc |
||
| 999 |
_c1000640 _d1000640 |
||